Normal view
MARC view
- Bracci Cordido, Daniel A.
Entry Nombre Personal
001 - NUMERO DE CONTROL
- campo de control: 54843
003 - IDENTIFICADOR DE NUMERO DE CONTROL
- campo de control: MX-MxUPN
005 - FECHA Y HORA DE LA ÜLTIMA TRANSACCIÓN
- campo de control: 20241202130158.0
008 - DATOS DE LONGITUD FIJA
- campo de control de longitud fija: 241202nn acnnnaabn n ana d
040 ## - FUENTE DE CATALOGACIÓN
- Agencia original de catalogación: MX-MxUPN
- Lenguaje de catalogación: spa
100 1# - ENCABEZAMIENTO - NOMBRE PERSONAL
- Nombre personal: Bracci Cordido, Daniel A.
400 1# - VEÁSE - NOMBRE DE PERSONA
- Personal name: Cordido, Daniel A. Bracci
670 ## - FUENTE EN LA QUE SE LOCALIZARON DATOS
- Cita de la fuente: La casa del arbol, 2005 :
- Información localizada: portada (Daniel A. Bracci Cordido)
902 ## - CATALOGADOR
- Catalogador: VíctorGodínez/021224
